Annual report of transport economy summary

محفوظ في:
التفاصيل البيبلوغرافية
التنسيق: كتاب
اللغة:Undetermined
منشور في: Japan 1982
الموضوعات:
الوسوم: إضافة وسم
لا توجد وسوم, كن أول من يضع وسما على هذه التسجيلة!
Thư viện lưu trữ: Trung tâm Học liệu Trường Đại học Cần Thơ
LEADER 00381nam a2200145Ia 4500
001 CTU_98453
008 210402s9999 xx 000 0 und d
082 |a 388.3 
082 |b A615 
245 0 |a Annual report of transport economy summary 
260 |a Japan 
260 |c 1982 
650 |a Transport 
904 |i Tuyến 
980 |a Trung tâm Học liệu Trường Đại học Cần Thơ